header

Richard Dyer-Bennet (Record no. 122384)

MARC details
000 -LEADER
fixed length control field 01448nam a2200349Ia 4500
082 04 - DEWEY DECIMAL CLASSIFICATION NUMBER
Classification number 782.42162/0092
-- B
100 1# - MAIN ENTRY--AUTHOR NAME
Personal name Jenkins, Paul O.
245 10 - TITLE STATEMENT
Title Richard Dyer-Bennet
260 ## - PUBLICATION, DISTRIBUTION, ETC. (IMPRINT)
Place of publication Jackson :
Name of publisher University Press of Mississippi,
Year of publication c2010.
300 ## - PHYSICAL DESCRIPTION
Number of Pages xviii, 181 p., [8] p. of plates :
Other physical details ill.
490 1# - SERIES STATEMENT
Series statement American made music series
650 #0 - SUBJECT ADDED ENTRY--TOPICAL TERM
Topical Term Folk singers
856 40 - ELECTRONIC LOCATION AND ACCESS
Uniform Resource Identifier http://site.ebrary.com/lib/rucke/Doc?id=10516101

No items available.

© 2026 Rongo University
Contact us: librarian | system librarian | Rongo university